01995cam a2200241 a 4500001000700000003000400007005001700011008004100028010001400069020001500083040001500098050001500113060001700128082001900145245010400164250001200268260004000280300003500320505132500355650002501680700002501705700002301730934123OSt20211112101942.0830815s1984 nyua b 001 0 eng  a 8212540 a0801648858 aLCcLCdLC00aRC440.P69  aWY 160 S929p00a610.73/6822ed00aPrinciples and practice of psychiatric nursing. /cEdited by Gail Wiscarz Stuart, Sandra J. Sundeen a2nd ed. aSt. Louis, Missouri:bMosby,c1983. axvi, 1018 p. :bill. ;c26 cm. aContents: Principles of psychiatric nursing: Roles and functions of psychiatric nurses -- Conceptual models of psychiatric care -- The therapeutic nurse-patient relationship -- The nursing therapeutic process -- Preventive mental health nursing -- Rehabilitative psychiatric nursing -- Anxiety -- Alterations in self-concept -- Disturbances of mood -- Self-destructive behavior -- Disruptions in relatedness -- Problems with the expression of anger -- Impaired cognition -- Substance abuse -- Somatic therapies and psychiatric nursing -- Legal aspects of psychiatric care -- 2. Practice of psychiatric nursing: Psychiatric evaluation -- Evolution of inpatient psychiatric nursing -- The psychiatric nurse's role in community mental health -- Crisis therapy -- Behavior modification -- Human sexuality and nursing practice -- Liaison nursing: a model for nursing practice -- Small groups and their therapeutic forces -- Family therapy -- Child psychiatric nursing -- Adolescent psychiatric nursing -- Nursing intervention in family abuse and violence -- Counselling the victim of rape -- Care of the chronically mentally ill patient -- Gerontological psychiatric nursing -- Individuals and families: caring for the dying -- Thee pragmatics of private practice -- Issues and trends in psychiatric-mental health nursing --  0aPsychiatric nursing. qStuart, Gail Wiscarz qSundeen, Sandra J.